Fr. Conceicao Rodrigues College of Engineering

Managing Radical with Indian Companies Change (Record no. 32096)

MARC details
000 -LEADER
fixed length control field 00332nam a2200145Ia 4500
082 ## - DEWEY DECIMAL CLASSIFICATION NUMBER
Classification number 658.406
Item number GHO/PIR
100 ## - MAIN ENTRY--PERSONAL NAME
Personal name Ghoshal/Sumantra
245 ## - TITLE STATEMENT
Title Managing Radical with Indian Companies Change
260 ## - PUBLICATION, DISTRIBUTION, ETC.
Name of publisher, distributor, etc. Viking
Date of publication, distribution, etc. 2000
300 ## - PHYSICAL DESCRIPTION
Extent 344
546 ## - LANGUAGE NOTE
Language note ENGLISH
654 ## - SUBJECT ADDED ENTRY--FACETED TOPICAL TERMS
Focus term Managing radical
942 ## - ADDED ENTRY ELEMENTS (KOHA)
Koha item type Reference Book
Holdings
Withdrawn status Lost status Damaged status Not for loan Collection Home library Current library Date acquired Total Checkouts Full call number Barcode Date last seen Price effective from Koha item type
        CRC Fr. Agnel's C.Rodrigues College of Engineering Fr. Agnel's C.Rodrigues College of Engineering 17/03/2023   658.406 GHO/PIR 11864 17/03/2023 17/03/2023 Reference Book